Teaching of science (Record no. 155209)

MARC details
000 -LEADER
fixed length control field 00511nam a22001817a 4500
005 - DATE AND TIME OF LATEST TRANSACTION
control field 20180731155245.0
010 ## - LCCN (DPL NO)
LC control number B-158966
020 ## - INTERNATIONAL STANDARD BOOK NUMBER
International Standard Book Number 8176489425
Terms of availability 895.00
035 ## - SYSTEM CONTROL NUMBER
System control number B-158966
037 ## - SOURCE OF ACQUISITION
Source of stock number/acquisition A.P.H. Publishing Corporation
082 ## - DEWEY DECIMAL CLASSIFICATION NUMBER
Classification number 372.3044
100 ## - MAIN ENTRY--PERSONAL NAME
Personal name Joshi, S.R.
245 ## - TITLE STATEMENT
Title Teaching of science
Statement of responsibility, etc S.R. Joshi
260 ## - PUBLICATION, DISTRIBUTION, ETC. (IMPRINT)
Place of publication, distribution, etc New Delhi
Name of publisher, distributor, etc A.P.H. Publishing Corporation
Date of publication, distribution, etc 2005
300 ## - PHYSICAL DESCRIPTION
Extent 383p.
Dimensions 22cm.(hbk)
942 ## - ADDED ENTRY ELEMENTS (KOHA)
Source of classification or shelving scheme Dewey Decimal Classification
Item type English Books
Classification part 372.3044
Call number suffix JOS
Holdings
Withdrawn status Lost status Not for loan Collection code Home library Current library Date acquired Full call number Barcode Koha item type
      Non-fiction Sarojini Nagar Sarojini Nagar 31/07/2018 372.3044 JOS B-158966 English Books

© Delhi Public Library
Hit Counter
free hit counter